000 01451 a2200181 4500
999 _c38754
_d38754
020 _a9781032644462
082 _a320.954
_bGUD-P
100 _aGudavarthy, Ajay
245 _aPolitics, Ethics and Emotions in 'new India'/
_cby Ajay Gudavarthy
260 _aLondon:
_bRoutledge,
_c2023.
300 _ax, 209p.
_e24cm
504 _ainclude index (page no 206-209).
520 _aHow do emotions mobilise in politics? How do they frame ideologies? Broadly focusing on these questions, this book explains the role emotions play in Indian politics and the part they played in the aftermath of the 2019 general elections. It traces the consolidation of the Right in India and highlights the reasons for its electoral successes with a focus on the interplay between ethics and emotions such as fear, anxiety, guilt, shame, anger, hatred, betrayal, and violence. At the same time, it traces the changing dynamic in the way we think about politics and analyses the failure of liberal democratic institutions to make space for emotions in politics and political motivations. An accessible and essential guide to understanding contemporary India, this book will be of great interest to scholars and researchers of politics, especially governance and political theory, as well as South Asian studies.
650 _aPolitics and government
_v21st century
_zIndia
650 _aEthics
_zIndia
650 _aEmotions
_vPolitical aspects
_zIndia
942 _2ddc
_cBK